00426nam a2200157Ia 4500003000900000008004100009020001800050040001600068080001900084245005200103260004600155300001500201650001300216650002100229700001800250IN-BaIIA211028s9999 xx 000 0 eng d a0-677-15030-X cIIA Library a535.215.2bSON 0aLaser and their applicationscedited by A. Sona aNew YorkbGordon and Breach Sciencec1976 axiv, 629p. a Lasers aNASA Thesaurus  aSona, A., ed.